|
|
|
|
| LEADER |
03044nam a22004935i 4500 |
| 001 |
978-3-319-04633-4 |
| 003 |
DE-He213 |
| 005 |
20151103130705.0 |
| 007 |
cr nn 008mamaa |
| 008 |
140304s2014 gw | s |||| 0|eng d |
| 020 |
|
|
|a 9783319046334
|9 978-3-319-04633-4
|
| 024 |
7 |
|
|a 10.1007/978-3-319-04633-4
|2 doi
|
| 040 |
|
|
|d GrThAP
|
| 050 |
|
4 |
|a B65
|
| 072 |
|
7 |
|a HPS
|2 bicssc
|
| 072 |
|
7 |
|a PHI019000
|2 bisacsh
|
| 082 |
0 |
4 |
|a 320.01
|2 23
|
| 100 |
1 |
|
|a Räikkä, Juha.
|e author.
|
| 245 |
1 |
0 |
|a Social Justice in Practice
|h [electronic resource] :
|b Questions in Ethics and Political Philosophy /
|c by Juha Räikkä.
|
| 264 |
|
1 |
|a Cham :
|b Springer International Publishing :
|b Imprint: Springer,
|c 2014.
|
| 300 |
|
|
|a XVIII, 167 p.
|b online resource.
|
| 336 |
|
|
|a text
|b txt
|2 rdacontent
|
| 337 |
|
|
|a computer
|b c
|2 rdamedia
|
| 338 |
|
|
|a online resource
|b cr
|2 rdacarrier
|
| 347 |
|
|
|a text file
|b PDF
|2 rda
|
| 490 |
1 |
|
|a Studies in Applied Philosophy, Epistemology and Rational Ethics,
|x 2192-6255 ;
|v 14
|
| 505 |
0 |
|
|a Theory and Practice -- Action and Uncertainty -- Unmasking in Justices -- Privacy and Justice -- Morality and Inner Life -- Self-Deception as an Explanation.
|
| 520 |
|
|
|a In this book the practical dimension of social justice is explained using the analysis and discussion of a variety of well-known topics. These include: the relation between theory and practice in normative political philosophy; the issue of justice under uncertainty; the question of whether we can and should unmask social injustices by means of conspiracy theories; the issues of privacy and the right to privacy; the issue of how certain psychological states may affect our moral obligations, in particular the obligation to treat others fairly; and finally the concepts of morality, fairness, and self-deception. The primary goal of the book is to provide readers with an updated discussion of some important and practical social justice issues. These issues are presented from a new perspective, based on the author´s research. It is hoped that bringing these topics together in a single book will promote the emergence of new insights and challenges for future research. Juha Räikkä is a professor at the Department of Philosophy at the University of Turku, Finland. His research focuses on ethics and political philosophy.
|
| 650 |
|
0 |
|a Philosophy.
|
| 650 |
|
0 |
|a Political theory.
|
| 650 |
|
0 |
|a Political philosophy.
|
| 650 |
|
0 |
|a Law
|x Philosophy.
|
| 650 |
|
0 |
|a Law.
|
| 650 |
1 |
4 |
|a Philosophy.
|
| 650 |
2 |
4 |
|a Political Philosophy.
|
| 650 |
2 |
4 |
|a Political Theory.
|
| 650 |
2 |
4 |
|a Theories of Law, Philosophy of Law, Legal History.
|
| 710 |
2 |
|
|a SpringerLink (Online service)
|
| 773 |
0 |
|
|t Springer eBooks
|
| 776 |
0 |
8 |
|i Printed edition:
|z 9783319046327
|
| 830 |
|
0 |
|a Studies in Applied Philosophy, Epistemology and Rational Ethics,
|x 2192-6255 ;
|v 14
|
| 856 |
4 |
0 |
|u http://dx.doi.org/10.1007/978-3-319-04633-4
|z Full Text via HEAL-Link
|
| 912 |
|
|
|a ZDB-2-SHU
|
| 950 |
|
|
|a Humanities, Social Sciences and Law (Springer-11648)
|